| 000 | 00600nam a2200205Ia 4500 | ||
|---|---|---|---|
| 003 | GCL | ||
| 008 | 140319s9999 xx 000 0 eng d | ||
| 020 | _a977 424 267 X | ||
| 040 |
_aGCL / _cGCL |
||
| 082 | 0 | 4 |
_aCC _b892.76 _bY M |
| 100 | 1 | _aYAHYA TAHER ABDULLAH | |
| 245 | 1 | 0 |
_aTHE MOUNTAIN OF GREEN TEA AND OTHER STORIES / _cYAHYA TAHER ABDULLAH |
| 700 | 1 | _aJOHNSON-DAVRES, DENYS | |
| 260 |
_aالقاهرة : _bTHE AMERICAN UNIVERSITY IN CAIRO PRESS ، _c1991 |
||
| 300 |
_a16 CM ؛ _c113 P |
||
| 650 | 0 | 4 | _aLITERATURE |
| 650 | 0 | 4 | _aARABIC LITERATURE |
| 650 | 0 | 4 | _aFICTION |
| 942 |
_2ddc _cBK |
||
| 999 |
_c12780 _d12780 |
||